|
|
|
|
| LEADER |
01217nam a2200313 a 4500 |
| 001 |
2436953 |
| 008 |
090405s1989 nyua b 001 0 eng d |
| 010 |
|
|
|a \\\88015171
|
| 020 |
|
|
|a 008033640X (pbk.) :
|c $19.50 (est.)
|
| 020 |
|
|
|a 0080336418 (hard) :
|c $48.50 (est.)
|
| 040 |
|
|
|a DLC
|c DLC
|d DLC
|d OCoLC
|
| 082 |
0 |
0 |
|a 613
|2 19
|
| 100 |
1 |
|
|a Winett, Richard A.
|q (Richard Allen),
|d 1945-
|
| 245 |
1 |
0 |
|a Health psychology and public health :
|b an integrative approach /
|c Richard A. Winett, Abby C. King, David G. Altman.
|
| 260 |
|
|
|a New York :
|b Pergamon Press,
|c c1989.
|
| 300 |
|
|
|a xii, 439 p. :
|b ill. ;
|c 23 cm.
|
| 490 |
|
0 |
|a Pergamon general psychology series ;
|v 156
|
| 504 |
|
|
|a Bibliography: p. 379-422.
|
| 500 |
|
|
|a Includes index.
|
| 541 |
1 |
|
|e 00004262
|
| 650 |
|
0 |
|a Medicine and psychology.
|
| 650 |
|
0 |
|a Health promotion.
|
| 650 |
|
0 |
|a Health behavior.
|
| 650 |
|
0 |
|a Public health.
|
| 700 |
1 |
|
|a King, Abby C.
|
| 700 |
1 |
|
|a Altman, David G.
|
| 852 |
4 |
|
|a Ayesha Abed Library
|j Generalshelf
|
| 999 |
|
|
|c 8725
|d 8725
|
| 952 |
|
|
|0 0
|1 0
|2 ddc
|4 0
|6 613_WIN_198900000000000
|7 0
|9 10503
|a BRACUL
|b BRACUL
|c GEN
|d 2010-05-25
|g 0.00
|l 3
|m 42
|o 613 WIN
|p 3010004262
|r 2025-01-12
|s 2024-05-04
|t 1
|w 2010-05-25
|y BK
|z Not price in Register
|